Hacia la comunidad hispánica de naciones / (Record no. 6709)
[ view plain ]
| 000 -CABECERA | |
|---|---|
| campo de control de longitud fija | 00923cam a2200229 a 4500 |
| 001 - NÚMERO DE CONTROL | |
| campo de control | 000006925 |
| 005 - FECHA Y HORA DE LA ÚLTIMA TRANSACCIÓN | |
| campo de control | 20200929154025.0 |
| 008 - DATOS DE LONGITUD FIJA--INFORMACIÓN GENERAL | |
| campo de control de longitud fija | 010326s1956 sp 001 s spa d |
| 040 ## - FUENTE DE LA CATALOGACIÓN | |
| Centro catalogador/agencia de origen | DO-SdBNP |
| Lengua de catalogación | spa |
| Centro/agencia transcriptor | DLC |
| Centro/agencia modificador | BNPHU |
| 082 ## - NÚMERO DE LA CLASIFICACIÓN DECIMAL DEWEY | |
| Número de clasificación | 868.68 |
| Número de documento/Ítem | M379h |
| 049 ## - FONDOS LOCALES (OCLC) | |
| Fondos de biblioteca | BNGR |
| 100 1# - ENTRADA PRINCIPAL--NOMBRE DE PERSONA | |
| Nombre de persona | Martín Artajo, Alberto. |
| 9 (RLIN) | 19197 |
| 245 10 - MENCIÓN DE TÍTULO | |
| Título | Hacia la comunidad hispánica de naciones / |
| Mención de responsabilidad, etc. | discursos del Excm. señor Ministro de Asuntos Exteriores D. Alberto Martín Artajo desde 1945 a 1955. |
| 260 ## - PUBLICACIÓN, DISTRIBUCIÓN, ETC. | |
| Lugar de publicación, distribución, etc. | Madrid, España : |
| Nombre del editor, distribuidor, etc. | Ediciones Cultura Hispánica, |
| Fecha de publicación, distribución, etc. | 1956. |
| 300 ## - DESCRIPCIÓN FÍSICA | |
| Extensión | 141, xi p. ; |
| Dimensiones | 22 cm. |
| 500 ## - NOTA GENERAL | |
| Nota general | Apendice: discurso pronunciado ... Madrid, 12 de octubre de 1956 (p. [i]-xi). |
| 600 14 - PUNTO DE ACCESO ADICIONAL DE MATERIA--NOMBRE DE PERSONA | |
| Nombre de persona | MARTÍN ARTAJO, ALBERTO, |
| Subdivisión general | DISCURSOS |
| 9 (RLIN) | 19198 |
| 650 #4 - PUNTO DE ACCESO ADICIONAL DE MATERIA--TÉRMINO DE MATERIA | |
| Término de materia o nombre geográfico como elemento de entrada | Hispanidad |
| 9 (RLIN) | 19199 |
| 651 #4 - PUNTO DE ACCESO ADICIONAL DE MATERIA--NOMBRE GEOGRÁFICO | |
| Nombre geográfico | América Latina |
| Subdivisión general | Relaciones |
| Subdivisión geográfica | España |
| 9 (RLIN) | 19200 |
| 651 #4 - PUNTO DE ACCESO ADICIONAL DE MATERIA--NOMBRE GEOGRÁFICO | |
| Nombre geográfico | España |
| Subdivisión general | Relaciones |
| Subdivisión geográfica | América Latina |
| 9 (RLIN) | 19201 |
| 910 ## - DATOS DE OPCIÓN DEL USUARIO (OCLC) | |
| Datos de opción del usuario | Catalogación por copia / LC |
| Estado de retiro | Estado de pérdida | Restricciones de uso | No para préstamo | Código de colección | Localización permanente | Ubicación/localización actual | Ubicación en estantería | Fecha de adquisición | Número de inventario | Total de préstamos | Signatura topográfica completa | Código de barras | Fecha visto por última vez | Precio válido a partir de | Tipo de ítem Koha |
|---|---|---|---|---|---|---|---|---|---|---|---|---|---|---|---|
| Monografías: Libros y Folletos | General | General | En catalogación | 03.09.2009 | LF1 | 868.68 M379h | 6925-10 | 25.06.2020 | 25.06.2020 | Préstamo en sala |
